Обследование Томской энергосистемы по созданию АСУ; Т. 2. Характеристика и перспективы развития Томской энергосистемы: Отчет о НИР; Тема: № 3-56/73

Detalhes bibliográficos
Autor Corporativo: Томский политехнический институт (ТПИ) (595)
Outros Autores: Терещенко А.А. (руководитель), Кокин А. Г. (исполнитель)
Idioma:russo
Publicado em: Томск, 1973
Assuntos:
Formato: MixedMaterials Livro
KOHA link:https://koha.lib.tpu.ru/cgi-bin/koha/opac-detail.pl?biblionumber=170948

MARC

LEADER 00000nbm0a2200000 4500
001 170948
005 20231031163848.0
029 0 0 |a SU  |b 73051761  |f ТПУ 
035 |a (RuTPU)RU\TPU\book\185390 
035 |a RU\TPU\book\185382 
090 |a 170948 
100 |a 20091130d1973 k y0rusy50 ca 
101 0 |a rus 
102 |a RU 
105 |a a p 000zy 
200 1 |a Обследование Томской энергосистемы по созданию АСУ  |a Т. 2. Характеристика и перспективы развития Томской энергосистемы  |e Отчет о НИР  |e Тема: № 3-56/73  |f Томский политехнический институт (ТПИ) ; руководитель А.А. Терещенко ; А. Г. Кокин 
210 |a Томск  |d 1973 
215 |a 75 л. 
610 1 |a отчеты о НИР 
610 1 |a Томск 
610 1 |a энергосистемы 
610 1 |a АСУ 
610 1 |a обследование 
610 1 |a перспективы 
610 1 |a структура управления 
610 1 |a информационные характеристики 
610 1 |a техническое обеспечение 
675 |a 621.311-5(04)  |v 3 
702 1 |a Терещенко  |b А.А.  |4 673 
702 1 |a Кокин  |b А. Г.  |4 677 
712 0 2 |a Томский политехнический институт (ТПИ)  |c (1944-1991)  |2 stltpush  |3 (RuTPU)RU\TPU\col\1123  |4 595 
801 1 |a RU  |b 63413507  |c 20091130 
801 2 |a RU  |b 63413507  |c 20091130  |g RCR 
942 |c BK